MARC

LEADER 00000nam0a2200000 4500
001 271426
005 20231101234433.0
035 |a (RuTPU)RU\TPU\book\294608 
090 |a 271426 
100 |a 20141007d1987 km y0rusy50 ca 
101 0 |a rus 
102 |a BY 
105 |a a z 001zy 
200 1 |a Основы теории комплектования  |f М. Д. Бачурина, А. М. Широков 
210 |a Минск  |c Наука и техника  |d 1987 
215 |a 191 с.  |c ил. 
320 |a Библиогр.: с. 186-188 
606 1 |a Сложные системы  |x Моделирование  |2 stltpush  |3 (RuTPU)RU\TPU\subj\55200  |9 73260 
610 1 |a комплектование 
610 1 |a принципы 
610 1 |a теория 
610 1 |a методы 
610 1 |a графы 
675 |a 681.51.015.26  |v 3 
700 1 |a Бачурина  |b М. Д.  |g Майя Дмитриевна 
701 1 |a Широков  |b А. М.  |g Александр Михайлович 
801 1 |a RU  |b 63413507  |c 20141007 
801 2 |a RU  |b 63413507  |c 20170209  |g RCR 
942 |c BK